| 000 | 00710nam a2200229Ia 4500 | ||
|---|---|---|---|
| 001 | 8760 | ||
| 003 | GE_BSU | ||
| 008 | 181216s||||||||xx |||||||||||||| ||und|| | ||
| 040 | _cGE_BSU | ||
| 080 | _a821.353.1-31 | ||
| 100 | _aიაკაშვილი, ვლადიმერ | ||
| 245 | _aცეცხლის მზე | ||
| 245 | _bრომანი | ||
| 245 | _cრედ. რ.ჯაფარიძე, მხატვ. გ.წერეთელი | ||
| 260 | _aთბილისი | ||
| 260 | _bსაბჭ.საქართველო | ||
| 260 | _c1969 | ||
| 300 | _a338გვ. 20სმ. | ||
| 653 | _aრომანი | ||
| 653 | _aცეცხლის მზე | ||
| 942 | _cBK | ||
| 999 |
_c42070 _d42070 |
||